| 000 | 00363nam a22001457a 4500 | ||
|---|---|---|---|
| 008 | 250320b |||||||| |||| 00| 0 eng d | ||
| 020 | _a9781413032574 | ||
| 050 |
_aPE25 _b.G54 |
||
| 100 | _aGLENN, Cheryl | ||
| 245 | _aThe Writer's Herbrace Handbook Brief | ||
| 250 | _a3rd | ||
| 260 |
_aAustralia _bThomson Wadsword _c2008 |
||
| 300 | _axxii, 592p. | ||
| 942 | _cBK | ||
| 999 |
_c2497 _d2497 |
||